Protokol di Malaysia : tradisi & amalan

Bibliographic Details
Main Author: MOKHTAR Haji Mohd. Tohar
Other Authors: Ahmad Fawzi M. Basri
Format: Book
Published: Kuala Lumpur : Dewan Bahasa dan Pustaka , 2003
Subjects:

MARC

LEADER 00000cam a2200000 7i4500
001 0000002496
005 20030710.0
020 0 0 |a 9836257926 
090 0 0 |a R395.309595   |b MOH 2003 
100 0 0 |a MOKHTAR Haji Mohd. Tohar 
245 1 0 |a Protokol di Malaysia :   |b tradisi & amalan   |c Mokhtar Haji Mohd. Tohar, Ahmad Fawzi M. Basri 
260 0 0 |a Kuala Lumpur :   |b Dewan Bahasa dan Pustaka ,   |c 2003 
300 |a xxi, 367 p. :   |b ill. ;   |c 29 cm. 
500 0 0 |a Includes bibiliography : p. 361-363 and index 
650 0 0 |a Etiquette   |z Malaysia 
650 0 0 |a Government etiquette   |z Malaysia 
650 0 0 |a Manners and customs 
700 0 1 |a Ahmad Fawzi M. Basri 
998 |a JPSM 
999 |a 0000003314   |b Monograph   |c Reference   |e Default branch